banner koha

Comparação entre dois protocolos de tratamento de ceratoconjuntivite seca experimentalmente induzida em coelhos (Registro n. 238278)

MARC details
000 -LÍDER
campo de controle de tamanho fixo 01210nas a2200409 4500
001 - NÚMERO DE CONTROLE
campo de controle BR2014004536
003 - IDENTIFICADOR DO NÚMERO DE CONTROLE
campo de controle BR-BrBNA
005 - DATA E HORÁRIO DA ÚLTIMA TRANSAÇÃO
campo de controle 20231205124300.0
007 - CAMPO FIXO DE DESCRIÇÃO FÍSICA--INFORMAÇÃO GERAL
campo de controle de tamanho fixo ta
008 - CAMPO DE DADOS FIXOS--INFORMAÇÃO GERAL
campo de controle de tamanho fixo 230509b bl.|||p| |||| 00| 00por d
040 ## - FONTE DA CATALOGAÇÃO
Instituição da catalogação original BR-BrBNA
Idioma da catalogação por
Instituição que transcreveu o registro Biblioteca Nacional de Agricultura
041 ## - CÓDIGO DE IDIOMA
Código do idioma do texto/trilha sonora ou título diferente (Pt)
072 ## - CÓDIGO DE CATEGORIA DE ASSUNTO
Código de Categoria de Assunto L73; L70
100 1# - ENTRADA PRINCIPAL--NOME PESSOAL
Nome pessoal Motta, D.A.
100 1# - ENTRADA PRINCIPAL--NOME PESSOAL
Nome pessoal Yamasaki, L.
100 1# - ENTRADA PRINCIPAL--NOME PESSOAL
Nome pessoal Saches, O.C.
100 1# - ENTRADA PRINCIPAL--NOME PESSOAL
Nome pessoal Giuffrida, R.
100 1# - ENTRADA PRINCIPAL--NOME PESSOAL
Nome pessoal Cândido, E.R.
100 1# - ENTRADA PRINCIPAL--NOME PESSOAL
Nome pessoal Pereira, C.S.G.
100 1# - ENTRADA PRINCIPAL--NOME PESSOAL
Nome pessoal Góes, J.E.
100 1# - ENTRADA PRINCIPAL--NOME PESSOAL
Nome pessoal Rocha, T.L.A.
100 1# - ENTRADA PRINCIPAL--NOME PESSOAL
Nome pessoal Silva, D.A.
100 1# - ENTRADA PRINCIPAL--NOME PESSOAL
Nome pessoal Silva, M.C.A.
100 1# - ENTRADA PRINCIPAL--NOME PESSOAL
Nome pessoal Basso, K.M.
100 1# - ENTRADA PRINCIPAL--NOME PESSOAL
Nome pessoal Andrade, S.F.
245 1# - TÍTULO
Título Comparação entre dois protocolos de tratamento de ceratoconjuntivite seca experimentalmente induzida em coelhos
650 ## - ASSUNTO--TERMO TÓPICO
Cabeçalho tópico ou nome geográfico COELHO
650 ## - ASSUNTO--TERMO TÓPICO
Cabeçalho tópico ou nome geográfico OLHO
650 ## - ASSUNTO--TERMO TÓPICO
Cabeçalho tópico ou nome geográfico CONJUNTIVITE
650 ## - ASSUNTO--TERMO TÓPICO
Cabeçalho tópico ou nome geográfico BACTERIA
650 ## - ASSUNTO--TERMO TÓPICO
Cabeçalho tópico ou nome geográfico HISTOPATOLOGIA ANIMAL
650 ## - ASSUNTO--TERMO TÓPICO
Cabeçalho tópico ou nome geográfico TRATAMENTO
650 ## - ASSUNTO--TERMO TÓPICO
Cabeçalho tópico ou nome geográfico ANÁLISE COMPARATIVA
773 0# - ENTRADA ANALÍTICA
Título Arquivo Brasileiro de Medicina Veterinária e Zootecnia (Brazil)
ISSN - International Standard Serial Number ISSN 0102-0935
Partes relacionadas (Feb 2014), v. 66(1) p. 47-54
Número de controle do registro BR2014004536
909 ## -
-- 202311
-- Lúcia
-- 55
-- Lúcia Elande
942 ## - ELEMENTOS DE ENTRADA ADICIONADOS (KOHA)
Fonte da classificação ou esquema de arquivamento na estante Classificação AGRIS
Ocultar no OPAC Não
Tipo de material Koha Analítica
Exemplares
Situação do descarte Fonte da classificação ou esquema de arquivamento na estante Situação física Não pode ser emprestado Biblioteca de origem Biblioteca atual Localização na estante Enumeração do periódico / cronologia Total de empréstimos Data de último acesso Número do exemplar Tipo de material Koha Fonte de aquisição
  Classificação AGRIS   Consulta local Biblioteca Nacional de Agricultura - Binagri Biblioteca Nacional de Agricultura - Binagri   (Feb 2014), v. 66(1) p. 47-54   29/11/2023 01 Periódicos Portaria Interministerial nº 164/94

BINAGRI

Telefone: (61)3218-2567/2388/3357/2097 - binagri@agro.gov.br

Ministério da Agricultura e Pecuária , Esplanada dos Ministérios, Bloco D, Anexo B, Brasília/DF, CEP: 70.043-900